000 00889nam a22003137a 4500
001 BR2010002585
003 BR-BrBNA
005 20230928103314.0
007 ta
008 230509b bl.||||| |||| 00| 0 por d
040 _aBR-BrBNA
_bpor
_cBiblioteca Nacional de Agricultura
041 _a(Por)
072 _aE80; E14
_b1190
090 _ 1190 BR2010002585
100 1 _aSchmidt, I.B.(org.)
100 1 _aFigueiredo, I.B.(org.)
100 1 _aSampaio, M.B.(org.)
245 1 _aCapim dourado e buriti; práticas para garantir a sustentabilidade do artesanato
260 3 _aBrasília, DF (Brasil):
_c2007.
300 _a32 p.
650 _aBURITI
650 _aMEIO AMBIENTE
650 _aAGRICULTURA SUSTENTÁVEL
650 _aARTESANATO
650 _aINDÚSTRIA CASEIRA
650 _aPROJETO DE DESENVOLVIMENTO
909 _a202309
_bLucia
_c55
_dLucia Elande
942 _cBK
999 _c74521
_d74521